Energy resources and systems / (Record no. 18917)
[ view plain ]
| 000 -LEADER | |
|---|---|
| fixed length control field | 00465cam a2200181Ii 4500 |
| 020 ## - INTERNATIONAL STANDARD BOOK NUMBER | |
| ISBN | 9789048123827 |
| 020 ## - INTERNATIONAL STANDARD BOOK NUMBER | |
| ISBN | 9048123828 |
| 040 ## - CATALOGING SOURCE | |
| Transcribing agency | BTCTA |
| 082 #4 - DEWEY DECIMAL CLASSIFICATION NUMBER | |
| Classification number | 621 FAO 1991 C154 Or. |
| 100 1# - MAIN ENTRY--AUTHOR NAME | |
| Personal name | Ghosh, Tushar K. |
| 245 10 - TITLE STATEMENT | |
| Title | Energy resources and systems / |
| 300 ## - PHYSICAL DESCRIPTION | |
| Number of Pages | volume : |
| Other physical details | illustrations, maps ; |
| Dimensions | 25 cm |
| 650 #0 - SUBJECT ADDED ENTRY--TOPICAL TERM | |
| Topical Term | Power resources |
| 650 #0 - SUBJECT ADDED ENTRY--TOPICAL TERM | |
| Topical Term | Renewable energy sources |
| 650 #0 - SUBJECT ADDED ENTRY--TOPICAL TERM | |
| Topical Term | Energy policy |
| 700 1# - ADDED ENTRY--PERSONAL NAME | |
| Personal name | Prelas, Mark A., |
| 942 ## - ADDED ENTRY ELEMENTS (KOHA) | |
| Koha item type | ADB |
| 952 ## - LOCATION AND ITEM INFORMATION (KOHA) | |
| Withdrawn status [LOCAL, KOHA] | 0 |
| Koha item type | Source of acquisition | Lost status | Permanent Location | Current Location | Date acquired | Full call number |
|---|---|---|---|---|---|---|
| សៀវភៅភាសាអង់គ្លេស | A39378 | Library Block C | Library Block C | 2020-02-11 | 621 FAO 1991 C154 Or. |